|
|
|
|
| LEADER |
00000nam0a2200000 4500 |
| 001 |
198962 |
| 005 |
20260403142605.0 |
| 035 |
|
|
|a (RuTPU)RU\TPU\book\216976
|
| 090 |
|
|
|a 198962
|
| 100 |
|
|
|a 20110714d2009 m y0rusy50 ca
|
| 101 |
0 |
|
|a rus
|
| 102 |
|
|
|a RU
|
| 105 |
|
|
|a a j 001zy
|
| 200 |
1 |
|
|a Технологии сети интернет: протоколы и сервисы
|e учебное пособие
|f В. П. Комагоров
|g Томский политехнический университет (ТПУ)
|
| 210 |
|
|
|a Томск
|c Изд-во ТПУ
|d 2009
|
| 215 |
|
|
|a 107 с.
|c ил.
|
| 225 |
1 |
|
|a Инновационная образовательная программа Томского политехнического университета
|
| 320 |
|
|
|a Библиогр.: с. 103.
|
| 330 |
|
|
|a Пособие содержит сведения о сервисах сети Интернет и сетевых протоколах, которые обеспечивают поддержку этих сервисов. В конце каждого раздела пособия приведены методические указания, отражающие ключевые моменты этого раздела. Пособие подготовлено на кафедре оптимизации систем управления ТПУ в рамках инновационной образовательной программы «Информационно-телекоммуникационные системы и технологии» в части обеспечения магистерской программы «Сети ЭВМ и телекоммуникации».
|
| 606 |
1 |
|
|a Интернет
|2 stltpush
|3 (RuTPU)RU\TPU\subj\12831
|9 39541
|
| 610 |
1 |
|
|a глобальные сети
|
| 610 |
1 |
|
|a сервисы
|
| 610 |
1 |
|
|a протоколы
|
| 610 |
1 |
|
|a технологии
|
| 610 |
1 |
|
|a DNS
|
| 610 |
1 |
|
|a FTP
|
| 610 |
1 |
|
|a Usenet
|
| 610 |
1 |
|
|a E-Mail
|
| 610 |
1 |
|
|a WWW-сервер
|
| 610 |
1 |
|
|a доменные имена
|
| 610 |
1 |
|
|a удаленный доступ
|
| 610 |
1 |
|
|a TELNET
|
| 610 |
1 |
|
|a файловые архивы
|
| 610 |
1 |
|
|a телеконференции
|
| 610 |
1 |
|
|a электронная почта
|
| 610 |
1 |
|
|a гипертекстовые системы
|
| 610 |
1 |
|
|a сетевые ресурсы
|
| 610 |
1 |
|
|a Web-документы
|
| 610 |
1 |
|
|a поисковые системы
|
| 610 |
1 |
|
|a IRC
|
| 610 |
1 |
|
|a RTVC
|
| 610 |
1 |
|
|a Web-клиенты
|
| 610 |
1 |
|
|a учебные пособия
|
| 610 |
1 |
|
|a труды учёных ТПУ
|
| 675 |
|
|
|a 681.324(075.8)
|v 3
|
| 700 |
|
1 |
|a Комагоров
|b В. П.
|c специалист в области автоматического управления
|c доцент Томского политехнического унивреситета, кандидат технических наук
|f 1949-
|g Владимир Петрович
|3 (RuTPU)RU\TPU\pers\27147
|9 12685
|
| 712 |
0 |
2 |
|a Томский политехнический университет (ТПУ)
|c (1991-2009)
|3 (RuTPU)RU\TPU\col\376
|
| 801 |
|
1 |
|a RU
|b 63413507
|c 20110714
|
| 801 |
|
2 |
|a RU
|b 63413507
|c 20201124
|g RCR
|
| 942 |
|
|
|c BK
|